[Event "DEM U10/U10w 2010"]
[Site "Oberhof GER"]
[Date "2010.05.27"]
[Round "8"]
[White "Schröder, Kevin"]
[Black "Litzka, Richard"]
[Result "1-0"]
[Termination "normal"]
[Board "1"]
[WhiteElo "1557"]
[BlackElo "1543"]
[PlyCount "119"]
[WhiteFideId "12929840"]
[EventCountry "GER"]
[EventRounds "11"]
[EventType "swiss"]
[EventDate "2010.05.22"]

1. d4 Nf6 2. c4 c5 3. d5 e6 4. Nc3 exd5 5. cxd5 d6 6. Nf3 g6 7. e4 Bg7 8. Bd3
O-O 9. O-O a6 10. a4 Bg4 11. h3 Bxf3 12. Qxf3 Nbd7 13. Bf4 Qc7 14. Qg3 Nh5 15.
Bxd6 Nxg3 16. Bxc7 Nxf1 17. Kxf1 Be5 18. d6 Nf6 19. g3 Ne8 20. Nd5 Bxd6 21.
Bxd6 Nxd6 22. e5 Ne8 23. Nb6 Rd8 24. Be4 Nc7 25. a5 Rd2 26. Nc4 Rd4 27. Nd6 Ne8
28. Nxe8 Rxe8 29. Bxb7 Re6 30. Bc8 Rxe5 31. Bxa6 Rd7 32. b3 Ra7 33. Bc4 Kf8 34.
a6 Ke7 35. f4 Rf5 36. Kf2 Kd6 37. Kf3 Kc6 38. g4 Rf6 39. g5 Rd6 40. Re1 Kb6 41.
Re5 Ka5 42. Rxc5+ Kb6 43. Rc8 Re7 44. Rb8+ Ka7 45. Rf8 Rdd7 46. Rh8 Rc7 47.
Rxh7 Kb6 48. h4 Rcd7 49. h5 gxh5 50. Rxh5 Rd1 51. Rh7 Rdd7 52. Kg4 Ka7 53. Kf5
Kb6 54. Kf6 Re4 55. Rxf7 Rxf4+ 56. Kg7 Rdxf7+ 57. Bxf7 Kxa6 58. g6 Kb5 59. Kf8
Rg4 60. g7 1-0

[Event "DEM U10/U10w 2010"]
[Site "Oberhof GER"]
[Date "2010.05.27"]
[Round "8"]
[White "Lagunow, Raphael"]
[Black "Ovsepyan, Arshak"]
[Result "1-0"]
[Termination "normal"]
[Board "2"]
[WhiteElo "1623"]
[BlackElo "1945"]
[PlyCount "61"]
[WhiteFideId "24652644"]
[BlackFideId "24690236"]
[EventCountry "GER"]
[EventRounds "11"]
[EventType "swiss"]
[EventDate "2010.05.22"]

1. Nf3 d5 2. g3 c5 3. Bg2 Nf6 4. O-O Nc6 5. d4 e6 6. c4 cxd4 7. Nxd4 Bc5 8.
Nxc6 bxc6 9. Nc3 O-O 10. a3 Bb7 11. b4 Be7 12. Bb2 Qd7 13. Rb1 e5 14. b5 d4 15.
Qa4 dxc3 16. bxc6 Qe8 17. Bxc3 Rb8 18. Bxe5 Rc8 19. Rxb7 Bxa3 20. Bxf6 gxf6 21.
Qxa3 Qxe2 22. Qxa7 Qxc4 23. Qa1 Kg7 24. Qb1 Rfe8 25. Qb3 Qxb3 26. Rxb3 Re2 27.
Bf3 Re5 28. Rd1 Rc5 29. Rb7 Kg8 30. Rdd7 Rf8 31. Bd5 1-0

[Event "DEM U10/U10w 2010"]
[Site "Oberhof GER"]
[Date "2010.05.27"]
[Round "8"]
[White "Schmidek, Emil"]
[Black "Dürr, Florian"]
[Result "0-1"]
[Termination "normal"]
[Board "3"]
[WhiteElo "1740"]
[BlackElo "1750"]
[PlyCount "144"]
[WhiteFideId "12908150"]
[BlackFideId "24659134"]
[EventCountry "GER"]
[EventRounds "11"]
[EventType "swiss"]
[EventDate "2010.05.22"]

1. e4 e6 2. d4 d5 3. e5 c5 4. c3 Nc6 5. Nf3 Qb6 6. Be2 cxd4 7. cxd4 Bb4+ 8. Bd2
Nge7 9. Bxb4 Nxb4 10. Na3 Bd7 11. Qd2 a6 12. O-O O-O 13. b3 Rac8 14. Rac1 Nf5
15. g4 Ne7 16. h3 Nbc6 17. Nc2 Rc7 18. Rfd1 Rfc8 19. Qg5 h6 20. Qd2 Ng6 21. Kh2
Qa5 22. Qxa5 Nxa5 23. Nfe1 Nf4 24. Bf1 Rc3 25. Ra1 Rxc2 26. Nxc2 Rxc2 27. Kg3
Rc3+ 28. Kh2 Nc6 29. Rd2 g5 30. Rad1 Nb4 31. a3 Nc6 32. Rb2 Na5 33. Rdb1 Bb5
34. Bxb5 axb5 35. Kg1 Nxh3+ 36. Kf1 Nf4 37. Kg1 Ng6 38. Kf1 Nf4 39. Ke1 Kg7 40.
Kd2 Rd3+ 41. Kc2 Rxd4 42. Kc3 Nc6 43. Rd2 Re4 44. Rbb2 Rxe5 45. Rbc2 f5 46.
gxf5 exf5 47. Kb2 d4 48. Ka2 d3 49. Rc1 Re2 50. Rcd1 Ne5 51. Kb1 Nf3 52. Rb2
Rxb2+ 53. Kxb2 d2 54. Kc2 Nh3 55. Rf1 g4 56. a4 b4 57. a5 h5 58. Kb2 Nxf2 59.
Kc2 d1=Q+ 60. Rxd1 Nxd1 61. Kxd1 g3 62. Ke2 Nd4+ 63. Kf1 Nxb3 64. Kg2 h4 65.
Kh3 Nxa5 66. Kg2 f4 67. Kg1 f3 68. Kf1 h3 69. Kg1 h2+ 70. Kh1 f2 71. Kg2 h1=Q+
72. Kxg3 f1=Q 0-1

[Event "DEM U10/U10w 2010"]
[Site "Oberhof GER"]
[Date "2010.05.27"]
[Round "8"]
[White "Krüger, David"]
[Black "Greßmann, Moritz"]
[Result "0-1"]
[Termination "normal"]
[Board "4"]
[WhiteElo "1394"]
[BlackElo "1600"]
[PlyCount "68"]
[WhiteFideId "12921858"]
[BlackFideId "24695084"]
[EventCountry "GER"]
[EventRounds "11"]
[EventType "swiss"]
[EventDate "2010.05.22"]

1. d4 Nf6 2. c4 g6 3. Nc3 d5 4. Nf3 Bg7 5. e3 O-O 6. cxd5 Nxd5 7. e4 Nxc3 8.
bxc3 c5 9. Bb2 Nc6 10. Bc4 Bg4 11. d5 Ne5 12. Be2 Bxf3 13. Bxf3 Nc4 14. Qb3 Qb6
15. Qxc4 Qxb2 16. O-O Qxc3 17. Qb5 Qb4 18. Rab1 Qxb5 19. Rxb5 b6 20. a4 Bc3 21.
Rd1 Bb4 22. e5 Rab8 23. Rb1 a6 24. R5xb4 cxb4 25. Rxb4 b5 26. a5 Rbc8 27. g3
Rc4 28. Rb2 Rd4 29. Rc2 Rc4 30. Rd2 Rc5 31. e6 fxe6 32. dxe6 Rxf3 33. Rd7 Kf8
34. Rd8+ Kg7 0-1

[Event "DEM U10/U10w 2010"]
[Site "Oberhof GER"]
[Date "2010.05.27"]
[Round "8"]
[White "Baberz, Alexander"]
[Black "Renger, Niklas"]
[Result "1/2-1/2"]
[Termination "normal"]
[Board "5"]
[WhiteElo "1567"]
[BlackElo "1320"]
[PlyCount "116"]
[WhiteFideId "12921734"]
[BlackFideId "12908096"]
[EventCountry "GER"]
[EventRounds "11"]
[EventType "swiss"]
[EventDate "2010.05.22"]

1. d4 Nf6 2. Nf3 g6 3. c4 c5 4. e3 cxd4 5. exd4 Bg7 6. Nc3 O-O 7. Be2 d6 8. O-O
Bf5 9. Be3 d5 10. Ne5 Nc6 11. Bf3 Nxe5 12. dxe5 Ne4 13. Nxd5 Bxe5 14. Bd4 Bxd4
15. Qxd4 Nd6 16. Rfe1 Re8 17. Re3 Be6 18. Qd3 Rc8 19. b3 Bxd5 20. Bxd5 e6 21.
Be4 Nxe4 22. Qxe4 Qd7 23. Rd3 Qc7 24. Rad1 Rcd8 25. Qe3 b6 26. Qd2 Rxd3 27.
Qxd3 e5 28. Qd7 Qxd7 29. Rxd7 Ra8 30. Rb7 Kg7 31. Kf1 Kf6 32. Ke2 h5 33. Ke3
Ke6 34. f4 f5 35. fxe5 Kxe5 36. h4 Kf6 37. Kf4 Rd8 38. Rxa7 Rd4+ 39. Kf3 Rxh4
40. Ra6 Kg5 41. Rxb6 Rf4+ 42. Ke3 Rg4 43. c5 Rxg2 44. c6 f4+ 45. Kf3 Rxa2 46.
Rb5+ Kf6 47. Rc5 Ra8 48. b4 Ke6 49. b5 Kd6 50. Rc1 Kc7 51. Kxf4 h4 52. Ke5 Rb8
53. Rb1 h3 54. Kd5 Kb6 55. Kd6 Rc8 56. Kd7 Rc7+ 57. Kd6 g5 58. Ra1 g4 1/2-1/2

[Event "DEM U10/U10w 2010"]
[Site "Oberhof GER"]
[Date "2010.05.27"]
[Round "8"]
[White "Graf, Clara Victoria"]
[Black "Savchenko, Daniel"]
[Result "1-0"]
[Termination "normal"]
[Board "6"]
[WhiteElo "1736"]
[BlackElo "1237"]
[PlyCount "83"]
[WhiteFideId "1270339"]
[BlackFideId "12919195"]
[EventCountry "GER"]
[EventRounds "11"]
[EventType "swiss"]
[EventDate "2010.05.22"]

1. e4 e5 2. Nf3 Nf6 3. Nxe5 d6 4. Nf3 Nxe4 5. Nc3 Nf6 6. d4 Be7 7. Bd3 O-O 8.
Be3 Bg4 9. Qd2 Bxf3 10. gxf3 Nbd7 11. O-O-O Re8 12. h4 Bf8 13. h5 d5 14. Rdg1
c6 15. Kb1 Nb6 16. b3 Kh8 17. Ne2 a5 18. a4 Ba3 19. Bg5 Nc4 20. Bxc4 dxc4 21.
Bxf6 Qxf6 22. bxc4 Qxf3 23. Nc3 Bb4 24. Qg5 Rg8 25. h6 g6 26. Ne4 Rae8 27. Qf6+
Qxf6 28. Nxf6 Rd8 29. Nxg8 Kxg8 30. Rg4 f5 31. Rf4 Bd2 32. Rf3 Bg5 33. c3 Re8
34. Rg1 Bxh6 35. Rxf5 Bd2 36. Kc2 Re1 37. Rxe1 Bxe1 38. Rf3 g5 39. Kd1 g4 40.
Rg3 Bxf2 41. Rxg4+ Kh8 42. Ke2 1-0

[Event "DEM U10/U10w 2010"]
[Site "Oberhof GER"]
[Date "2010.05.27"]
[Round "8"]
[White "Mehsin, Yazan"]
[Black "Wächter, Nathalie"]
[Result "1/2-1/2"]
[Termination "normal"]
[Board "7"]
[WhiteElo "1473"]
[BlackElo "1385"]
[PlyCount "75"]
[BlackFideId "12921033"]
[EventCountry "GER"]
[EventRounds "11"]
[EventType "swiss"]
[EventDate "2010.05.22"]

1. e4 c5 2. Nf3 d6 3. d4 cxd4 4. Nxd4 Nf6 5. Nc3 Nc6 6. Be2 g6 7. Be3 Bg7 8.
Qd2 O-O 9. f3 Bd7 10. g4 Rc8 11. h4 Re8 12. h5 Ne5 13. hxg6 fxg6 14. g5 Nh5 15.
f4 Ng4 16. f5 Nxe3 17. Qxe3 Qb6 18. fxg6 Bxd4 19. gxh7+ Kxh7 20. Rxh5+ Kg7 21.
Qd3 Bxc3+ 22. bxc3 Bb5 23. Qxb5 Qg1+ 24. Bf1 Qe3+ 25. Kd1 Qxc3 26. Rc1 Rf8 27.
Qd3 Rxf1+ 28. Qxf1 Qd4+ 29. Qd3 Qg1+ 30. Kd2 Qf2+ 31. Qe2 Qd4+ 32. Ke1 Qg1+ 33.
Kd2 Qd4+ 34. Ke1 Qg1+ 35. Qf1 Qe3+ 36. Kd1 Qd4+ 37. Ke2 Qxe4+ 38. Kd2 1/2-1/2

[Event "DEM U10/U10w 2010"]
[Site "Oberhof GER"]
[Date "2010.05.27"]
[Round "8"]
[White "Moses, Selina"]
[Black "Mätzkow, Maximilian Paul"]
[Result "0-1"]
[Termination "normal"]
[Board "8"]
[WhiteElo "1453"]
[BlackElo "1470"]
[PlyCount "120"]
[WhiteFideId "12908070"]
[BlackFideId "24679933"]
[EventCountry "GER"]
[EventRounds "11"]
[EventType "swiss"]
[EventDate "2010.05.22"]

1. e4 c5 2. Nc3 Nc6 3. g3 g6 4. Bg2 Bg7 5. f4 d6 6. Nf3 e6 7. O-O Nge7 8. d3
Rb8 9. Be3 Nd4 10. Bxd4 cxd4 11. Ne2 e5 12. Kh1 O-O 13. fxe5 dxe5 14. Ne1 b6
15. Ng1 Bb7 16. g4 Rc8 17. Rf3 g5 18. Ne2 Ng6 19. Qd2 Nf4 20. Nxf4 gxf4 21. Rh3
Qg5 22. Qe2 Rc6 23. Rh5 Qe7 24. Bf3 Rh6 25. Rxh6 Bxh6 26. Qf2 Qb4 27. Rb1 Qe7
28. Ng2 Rc8 29. Rc1 Qb4 30. Rb1 Qa4 31. a3 Qxc2 32. Qxc2 Rxc2 33. Ne1 Rc7 34.
h4 Kf8 35. g5 Bg7 36. h5 h6 37. gxh6 Bxh6 38. Kg2 Ke7 39. Kf1 Kf6 40. Ng2 Kg5
41. Ke1 Bc8 42. Kd2 Bg4 43. Bxg4 Kxg4 44. Ke2 f3+ 45. Kf1 fxg2+ 46. Kxg2 Rc2+
47. Kf1 Rd2 48. Ke1 Rxd3 49. Ke2 Re3+ 50. Kf1 Rxe4 51. Rd1 f5 52. Kf2 f4 53.
Kf1 f3 54. Kf2 Re2+ 55. Kf1 Kg3 56. b4 e4 57. a4 Rf2+ 58. Ke1 Bd2+ 59. Rxd2
Rxd2 60. Kxd2 e3+ 0-1

[Event "DEM U10/U10w 2010"]
[Site "Oberhof GER"]
[Date "2010.05.27"]
[Round "8"]
[White "Kreyssig, Bruno"]
[Black "Vogel, Roven"]
[Result "1/2-1/2"]
[Termination "normal"]
[Board "9"]
[WhiteElo "1319"]
[BlackElo "1480"]
[PlyCount "59"]
[WhiteFideId "4692489"]
[BlackFideId "12908088"]
[EventCountry "GER"]
[EventRounds "11"]
[EventType "swiss"]
[EventDate "2010.05.22"]

1. e4 c6 2. d4 d5 3. exd5 cxd5 4. Bd3 Nc6 5. c3 Nf6 6. Bf4 e6 7. Nf3 Bd6 8. Bg3
O-O 9. O-O Bxg3 10. hxg3 Re8 11. Re1 Qc7 12. Qe2 Bd7 13. Nbd2 Rac8 14. Nb3 e5
15. Nxe5 Ng4 16. Qc2 Ngxe5 17. dxe5 h6 18. Bf5 Nxe5 19. Bxd7 Nxd7 20. Nd4 Nf6
21. Qb3 b6 22. Rad1 Qb7 23. f3 Qc7 24. g4 Re5 25. Qb5 Rce8 26. Qf1 h5 27. gxh5
Rxh5 28. Rxe8+ Nxe8 29. f4 Nd6 30. Qf3 1/2-1/2

[Event "DEM U10/U10w 2010"]
[Site "Oberhof GER"]
[Date "2010.05.27"]
[Round "8"]
[White "Gungl, Theo"]
[Black "Gauchel, Lorenz"]
[Result "1-0"]
[Termination "normal"]
[Board "10"]
[WhiteElo "1682"]
[BlackElo "1451"]
[PlyCount "69"]
[WhiteFideId "24695653"]
[BlackFideId "12905283"]
[EventCountry "GER"]
[EventRounds "11"]
[EventType "swiss"]
[EventDate "2010.05.22"]

1. d4 d5 2. c4 e6 3. Nf3 Nf6 4. Bg5 c6 5. e3 Nbd7 6. Nc3 Qa5 7. a3 Be7 8. b4
Qd8 9. Bd3 dxc4 10. Bxc4 Nd5 11. Bxe7 Qxe7 12. Qc2 O-O 13. O-O Re8 14. Rfd1
Nxc3 15. Qxc3 Nb6 16. Bd3 Nd5 17. Qc2 h6 18. Ne5 Bd7 19. Bh7+ Kh8 20. Bg6 f5
21. Bxe8 Qxe8 22. Rac1 a6 23. e4 Nf6 24. exf5 exf5 25. Re1 Qc8 26. Ng6+ Kh7 27.
Ne7 Qd8 28. Nxf5 Bxf5 29. Qxf5+ Kg8 30. h3 Qxd4 31. Re7 Qd2 32. Rce1 Rf8 33.
Qg6 Ne8 34. Rxe8 Qxf2+ 35. Kh1 1-0

[Event "DEM U10/U10w 2010"]
[Site "Oberhof GER"]
[Date "2010.05.27"]
[Round "8"]
[White "Kasel, Mario"]
[Black "Pallas, Sebastian"]
[Result "0-1"]
[Termination "normal"]
[Board "11"]
[WhiteElo "1285"]
[BlackElo "1560"]
[PlyCount "86"]
[WhiteFideId "24660957"]
[BlackFideId "12905453"]
[EventCountry "GER"]
[EventRounds "11"]
[EventType "swiss"]
[EventDate "2010.05.22"]

1. d4 d5 2. c4 c6 3. Nf3 Nf6 4. Nc3 e6 5. e3 Nbd7 6. c5 b6 7. cxb6 axb6 8. Bd3
Bd6 9. O-O Ba6 10. Qe2 Bxd3 11. Qxd3 O-O 12. e4 dxe4 13. Nxe4 Nxe4 14. Qxe4 Qc7
15. Re1 Nf6 16. Qc2 Rfd8 17. Be3 Rac8 18. Rac1 h6 19. Ne5 c5 20. Nf3 Nd5 21.
Bd2 Nf6 22. Be3 Ng4 23. g3 Nxe3 24. fxe3 cxd4 25. Qxc7 Rxc7 26. Rxc7 Bxc7 27.
exd4 b5 28. Kf1 Kf8 29. Ke2 Ke7 30. Rc1 Bb6 31. Rd1 f6 32. Ke3 Rd5 33. b3 g5
34. h3 f5 35. g4 e5 36. gxf5 exd4+ 37. Nxd4 Rxf5 38. Ke4 Rf4+ 39. Ke5 Bxd4+ 40.
Rxd4 Rf3 41. a4 Rxb3 42. a5 Ra3 43. Rd6 Re3+ 0-1

[Event "DEM U10/U10w 2010"]
[Site "Oberhof GER"]
[Date "2010.05.27"]
[Round "8"]
[White "Rätzke von Stoyentin, Steffen"]
[Black "Riedel, Matthias"]
[Result "1-0"]
[Termination "normal"]
[Board "12"]
[WhiteElo "1278"]
[BlackElo "1366"]
[PlyCount "119"]
[WhiteFideId "12907502"]
[BlackFideId "1271820"]
[EventCountry "GER"]
[EventRounds "11"]
[EventType "swiss"]
[EventDate "2010.05.22"]

1. Nf3 d5 2. d4 Nf6 3. c4 e6 4. g3 dxc4 5. Bg2 c6 6. Ne5 Qa5+ 7. Nc3 Bb4 8. Qc2
Qa6 9. O-O Nbd7 10. Bf4 O-O 11. Ne4 Nxe4 12. Bxe4 f5 13. Bg2 Nxe5 14. Bxe5 b5
15. a3 Ba5 16. b3 Bb7 17. bxc4 bxc4 18. Rfc1 c3 19. e3 Rac8 20. Bd6 Rf7 21. Bb4
Bxb4 22. axb4 Qb6 23. Qxc3 Rfc7 24. Qc5 Qxc5 25. bxc5 Ra8 26. Ra2 Kf7 27. Rb1
Ke7 28. Rab2 Ba6 29. Rb8 Rxb8 30. Rxb8 Bb5 31. Rg8 g6 32. Rg7+ Kd8 33. Rg8+ Kd7
34. Rh8 a5 35. Rxh7+ Kc8 36. Rxc7+ Kxc7 37. Bf3 a4 38. Bd1 a3 39. Bb3 Bd3 40.
Ba2 Be4 41. Kf1 Bd5 42. Bb1 a2 43. Bxa2 Bxa2 44. Ke2 Kb7 45. Kf3 Bc4 46. Kf4
Kc7 47. Kg5 Bf1 48. Kxg6 Bh3 49. Kf6 Kd7 50. Kf7 Bg4 51. h4 Bh5+ 52. Kf6 Be8
53. Kg5 Ke7 54. h5 Kf7 55. f3 Kg7 56. g4 Bd7 57. e4 fxg4 58. fxg4 e5 59. dxe5
Bc8 60. Kh4 1-0

[Event "DEM U10/U10w 2010"]
[Site "Oberhof GER"]
[Date "2010.05.27"]
[Round "8"]
[White "Höglauer, Patrick"]
[Black "Fieberg, Samuel"]
[Result "1/2-1/2"]
[Termination "normal"]
[Board "13"]
[WhiteElo "1768"]
[BlackElo "1305"]
[PlyCount "60"]
[WhiteFideId "1270548"]
[BlackFideId "12901717"]
[EventCountry "GER"]
[EventRounds "11"]
[EventType "swiss"]
[EventDate "2010.05.22"]

1. d4 d5 2. c4 c6 3. Nc3 Nf6 4. Bg5 e6 5. Nf3 dxc4 6. a4 Bb4 7. e3 b5 8. Be2
Bb7 9. O-O Nbd7 10. axb5 Bxc3 11. bxc6 Bxc6 12. bxc3 a5 13. Bxc4 Qc7 14. Bxf6
Nxf6 15. Ne5 O-O 16. Nxc6 Qxc6 17. Ra4 Ne4 18. Qc2 Nxc3 19. Ra3 Qxc4 20. Rxc3
Qa6 21. Ra1 Rfc8 22. Rxa5 Qb7 23. Rxa8 Rxa8 24. f3 g6 25. Rb3 Qd5 26. Rb2 Ra1+
27. Kf2 Qa5 28. Qd2 Qa6 29. Qe2 Qd6 30. g3 Qa3 1/2-1/2

[Event "DEM U10/U10w 2010"]
[Site "Oberhof GER"]
[Date "2010.05.27"]
[Round "8"]
[White "Diener, Carolin"]
[Black "Peter, Anton"]
[Result "0-1"]
[Termination "normal"]
[Board "14"]
[WhiteElo "1208"]
[BlackElo "1499"]
[PlyCount "128"]
[WhiteFideId "24699063"]
[BlackFideId "12901660"]
[EventCountry "GER"]
[EventRounds "11"]
[EventType "swiss"]
[EventDate "2010.05.22"]

1. e4 e5 2. Nf3 d6 3. d4 exd4 4. Nxd4 Nf6 5. Nc3 Be7 6. Be2 c6 7. O-O b5 8. Be3
b4 9. Nb1 c5 10. Nb3 Bb7 11. f3 Nbd7 12. Qd2 Ne5 13. c3 a5 14. Re1 O-O 15. Bf1
Nfd7 16. Qf2 f5 17. exf5 Rxf5 18. Qe2 Bxf3 19. Qc2 Rf8 20. Bd3 Nxd3 21. Qxd3
Ne5 22. Qd2 Bb7 23. Bxc5 dxc5 24. Rxe5 Qxd2 25. N1xd2 Bd6 26. Re6 Rfd8 27. Nc4
Bf8 28. Re2 a4 29. Nbd2 Re8 30. Rxe8 Rxe8 31. cxb4 cxb4 32. h3 Re2 33. Nf3 Bc5+
34. Kh1 Rf2 35. Nh4 Be7 36. Nf3 Bxf3 37. gxf3 Rxf3 38. Kg2 Rf4 39. Ne3 Bc5 40.
Re1 Re4 41. Kf3 Rxe3+ 42. Rxe3 Bxe3 43. Kxe3 g5 44. Kd4 a3 45. bxa3 bxa3 46.
Kc3 h5 47. Kd3 Kf7 48. Ke3 Kf6 49. Kf2 Ke5 50. Ke3 g4 51. hxg4 hxg4 52. Kf2 Kd4
53. Kg3 Kc3 54. Kxg4 Kb2 55. Kf5 Kxa2 56. Ke5 Kb3 57. Kd5 a2 58. Ke6 a1=Q 59.
Kd5 Qf6 60. Ke4 Kc4 61. Ke3 Qf5 62. Ke2 Qf4 63. Ke1 Kd3 64. Kd1 Qf1# 0-1

[Event "DEM U10/U10w 2010"]
[Site "Oberhof GER"]
[Date "2010.05.27"]
[Round "8"]
[White "Reimers, Kim"]
[Black "Sieber, Fiona"]
[Result "0-1"]
[Termination "normal"]
[Board "15"]
[WhiteElo "1192"]
[BlackElo "1605"]
[PlyCount "45"]
[WhiteFideId "12930377"]
[BlackFideId "12902373"]
[EventCountry "GER"]
[EventRounds "11"]
[EventType "swiss"]
[EventDate "2010.05.22"]

1. e4 c5 2. d3 Nc6 3. f4 g6 4. Nf3 Bg7 5. Nbd2 d5 6. Be2 e6 7. O-O Nge7 8. Qe1
O-O 9. Qh4 Qb6 10. c3 c4+ 11. d4 dxe4 12. Nxe4 Nf5 13. Qh3 e5 14. g4 exd4 15.
gxf5 Bxf5 16. Qh4 d3+ 17. Nf2 dxe2 18. Re1 Bd3 19. Ng5 h5 20. a3 Na5 21. Bd2
Nb3 22. Rac1 Nxd2 23. Qg3 0-1

[Event "DEM U10/U10w 2010"]
[Site "Oberhof GER"]
[Date "2010.05.27"]
[Round "8"]
[White "Poghosyan, Tigran"]
[Black "Herbrig, Alexander"]
[Result "1-0"]
[Termination "normal"]
[Board "16"]
[WhiteElo "1387"]
[BlackElo "1270"]
[PlyCount "57"]
[WhiteFideId "12909319"]
[BlackFideId "12952044"]
[EventCountry "GER"]
[EventRounds "11"]
[EventType "swiss"]
[EventDate "2010.05.22"]

1. e4 c5 2. Nf3 e6 3. d4 cxd4 4. Nxd4 a6 5. Nc3 Qc7 6. g3 b5 7. Bg2 Bb7 8. O-O
Nf6 9. Re1 d6 10. Bd2 Be7 11. f4 Nbd7 12. e5 dxe5 13. fxe5 Bxg2 14. Kxg2 Nxe5
15. Bf4 Qb7+ 16. Kg1 Ng6 17. Be5 Nxe5 18. Rxe5 Bd6 19. Re1 O-O 20. Qd3 Qb6 21.
Kg2 e5 22. Nf3 Ng4 23. Ne4 Rfd8 24. Nxd6 Rxd6 25. Qe4 Qf2+ 26. Kh1 Rad8 27.
Qxg4 Rf6 28. Rad1 Rxd1 29. Qc8+ 1-0

[Event "DEM U10/U10w 2010"]
[Site "Oberhof GER"]
[Date "2010.05.27"]
[Round "8"]
[White "Spitzl, Vinzent"]
[Black "Nothnagel, Marian Can"]
[Result "1-0"]
[Termination "normal"]
[Board "17"]
[WhiteElo "1711"]
[BlackElo "1211"]
[PlyCount "115"]
[WhiteFideId "12901253"]
[BlackFideId "12921530"]
[EventCountry "GER"]
[EventRounds "11"]
[EventType "swiss"]
[EventDate "2010.05.22"]

1. e4 e5 2. Nf3 Nc6 3. Bb5 a6 4. Ba4 Nf6 5. O-O Be7 6. Re1 b5 7. Bb3 O-O 8. c3
d6 9. h3 Na5 10. Bc2 c5 11. d4 Qc7 12. Nbd2 Bd7 13. d5 Nb7 14. Nf1 c4 15. a4
Nc5 16. axb5 axb5 17. Bg5 Qb7 18. Qe2 Rxa1 19. Rxa1 Ra8 20. Qe1 Na4 21. Ra2 h6
22. Bxf6 Bxf6 23. Qa1 Nb6 24. Ra5 Na4 25. Rxa8+ Qxa8 26. Ne3 Bd8 27. Bxa4 Qxa4
28. Qxa4 bxa4 29. Nxc4 Be7 30. Nfd2 Kf8 31. Nb6 Be8 32. Kf1 g6 33. g4 Kg7 34.
Ke1 Kf6 35. Nc8 Bb5 36. c4 Bd7 37. Nb6 Be8 38. Nc8 Bd7 39. Nxe7 Kxe7 40. f3 Kf6
41. h4 g5 42. h5 Ke7 43. Kd1 Kd8 44. Kc2 Kc7 45. Kc3 Kb6 46. Kb4 f6 47. Nb1 Be8
48. Nc3 Bd7 49. Nb5 f5 50. exf5 Bxf5 51. gxf5 e4 52. fxe4 g4 53. f6 g3 54. f7
g2 55. f8=Q Kb7 56. Qe7+ Kb8 57. Qc7+ Ka8 58. Qa7# 1-0

[Event "DEM U10/U10w 2010"]
[Site "Oberhof GER"]
[Date "2010.05.27"]
[Round "8"]
[White "Nguyen, Huy Dat"]
[Black "Hartmann, Martin"]
[Result "1/2-1/2"]
[Termination "normal"]
[Board "18"]
[WhiteElo "1363"]
[BlackElo "1223"]
[PlyCount "47"]
[WhiteFideId "12923486"]
[BlackFideId "12911925"]
[EventCountry "GER"]
[EventRounds "11"]
[EventType "swiss"]
[EventDate "2010.05.22"]

1. d4 d5 2. Nf3 Nf6 3. e3 c5 4. b3 e6 5. Bb2 Nc6 6. Bd3 Bd7 7. Nbd2 Qc7 8. a3
O-O-O 9. Qe2 Bd6 10. O-O-O e5 11. dxe5 Nxe5 12. Nxe5 Bxe5 13. Nf3 Bxb2+ 14.
Kxb2 Bg4 15. h3 Be6 16. Ng5 h6 17. Nxe6 fxe6 18. c4 Qe5+ 19. Ka2 d4 20. e4 g5
21. g3 Qc7 22. e5 Nd7 23. f4 Rhf8 24. Rdf1 1/2-1/2

[Event "DEM U10/U10w 2010"]
[Site "Oberhof GER"]
[Date "2010.05.27"]
[Round "8"]
[White "Kitze, Alexander"]
[Black "Rockmann, Jan-Okke"]
[Result "1-0"]
[Termination "normal"]
[Board "20"]
[WhiteElo "1323"]
[BlackElo "1013"]
[PlyCount "67"]
[WhiteFideId "12914827"]
[BlackFideId "12942111"]
[EventCountry "GER"]
[EventRounds "11"]
[EventType "swiss"]
[EventDate "2010.05.22"]

1. e4 e5 2. Nf3 Nc6 3. Bc4 Nf6 4. d3 Be7 5. c3 d6 6. O-O O-O 7. Nbd2 Bg4 8. Re1
Rb8 9. Nf1 b5 10. Bb3 d5 11. exd5 Nxd5 12. h3 Bh5 13. Ng3 Bg6 14. Nxe5 Nxe5 15.
Rxe5 Nf4 16. Bxf4 Bd6 17. Rd5 Kh8 18. Bxd6 cxd6 19. Ne4 Rb6 20. a4 bxa4 21.
Bxa4 f5 22. Ng3 Rxb2 23. Rb1 Ra2 24. Qb3 Rd2 25. Rd1 Rxd1+ 26. Qxd1 Qh4 27.
Rxd6 f4 28. Qf3 Rf7 29. Nh5 Qe7 30. Rd7 Qe8 31. Rxf7 Qe1+ 32. Kh2 Bxf7 33. Qa8+
Bg8 34. Bb3 1-0

[Event "DEM U10/U10w 2010"]
[Site "Oberhof GER"]
[Date "2010.05.27"]
[Round "8"]
[White "Dallinger, Moritz"]
[Black "Niermann, Tristan"]
[Result "0-1"]
[Termination "normal"]
[Board "21"]
[WhiteElo "1418"]
[BlackElo "1199"]
[PlyCount "50"]
[WhiteFideId "12910864"]
[BlackFideId "12990698"]
[EventCountry "GER"]
[EventRounds "11"]
[EventType "swiss"]
[EventDate "2010.05.22"]

1. e4 e5 2. f4 exf4 3. Nf3 g5 4. h3 Nf6 5. Nc3 Bb4 6. Bc4 d6 7. Nxg5 Rf8 8. a3
Bxc3 9. dxc3 h6 10. Nxf7 Rxf7 11. Bxf7+ Kxf7 12. O-O Nxe4 13. Bxf4 Nf6 14. Bxh6
Qg8 15. Qd5+ Be6 16. Qg5 Nbd7 17. Qxg8+ Rxg8 18. Kf2 Bd5 19. g3 Ke6 20. Rae1+
Ne4+ 21. Kg1 Rxg3+ 22. Kh2 Rg6 23. Be3 Ne5 24. Bf4 Nd2 25. Bxd2 Rg2+ 0-1

[Event "DEM U10/U10w 2010"]
[Site "Oberhof GER"]
[Date "2010.05.27"]
[Round "8"]
[White "Burg, Niclas"]
[Black "Nguyen, Anh Van"]
[Result "1-0"]
[Termination "normal"]
[Board "22"]
[WhiteElo "1467"]
[BlackElo "1095"]
[PlyCount "57"]
[WhiteFideId "1271968"]
[BlackFideId "12908223"]
[EventCountry "GER"]
[EventRounds "11"]
[EventType "swiss"]
[EventDate "2010.05.22"]

1. e4 c6 2. d4 d5 3. e5 Bf5 4. Bd3 Bxd3 5. Qxd3 e6 6. Ne2 c5 7. c3 Nd7 8. Nd2
c4 9. Qc2 Ne7 10. O-O Ng6 11. f4 f5 12. exf6 Qxf6 13. f5 exf5 14. Rxf5 Qe6 15.
Nf3 Bd6 16. Ng5 Qe7 17. Rf3 O-O-O 18. Nf7 Rhf8 19. Bg5 Nf6 20. Nxd8 Qxd8 21.
Qf5+ Kb8 22. b3 Be7 23. bxc4 dxc4 24. Qb5 Qc7 25. Nf4 Ne4 26. Ne6 Qd6 27. Bxe7
Qxe7 28. Nxf8 Nh4 29. Qe5+ 1-0

[Event "DEM U10/U10w 2010"]
[Site "Oberhof GER"]
[Date "2010.05.27"]
[Round "8"]
[White "Tong, Kevin"]
[Black "Urban, Konstantin"]
[Result "0-1"]
[Termination "normal"]
[Board "23"]
[WhiteElo "1117"]
[BlackElo "1241"]
[PlyCount "56"]
[WhiteFideId "12913944"]
[BlackFideId "12927511"]
[EventCountry "GER"]
[EventRounds "11"]
[EventType "swiss"]
[EventDate "2010.05.22"]

1. e4 c5 2. Nc3 Nc6 3. f4 e6 4. Nf3 g6 5. Bc4 Bg7 6. O-O a6 7. f5 b5 8. Be2 Nd4
9. fxe6 dxe6 10. d3 Ne7 11. Kh1 O-O 12. Nxd4 cxd4 13. Nb1 Qc7 14. Nd2 Bb7 15.
Nf3 Rac8 16. Bg5 Rfe8 17. Rc1 Nc6 18. a3 f5 19. Nd2 Nd8 20. Bf3 Nf7 21. Bh4 Be5
22. h3 Ba8 23. Qe2 h5 24. Qd1 g5 25. Bf2 g4 26. hxg4 hxg4 27. Be2 Ng5 28. exf5
Qh7+ 0-1